О синкретизме идиом, вербализующих неточные меры расстояния (на материале русского, немецкого и английского языков); Коммуникативные аспекты языка и культуры; Ч. 1

Detaylı Bibliyografya
Parent link:Коммуникативные аспекты языка и культуры: сборник материалов XI Международной научно-практической конференции студентов и молодых ученых, г. Томск, 18-20 мая 2011 г./ Национальный исследовательский Томский политехнический университет (ТПУ) ; под ред. С. А. Песоцкой.— , 2011
Ч. 1.— 2011.— [С. 183-187]
Yazar: Попова Н. В.
Diğer Yazarlar: Жукова Н. С. Нина Степановна (научный руководитель)
Özet:Заглавие с титульного листа.
Электронная версия печатной публикации.
Dil:Rusça
Baskı/Yayın Bilgisi: 2011
Seri Bilgileri:Теория и практика перевода. Общие и частные вопросы перевода
Konular:
Online Erişim:http://www.lib.tpu.ru/fulltext/c/2011/C77/V1/045.pdf
Materyal Türü: Elektronik Kitap Bölümü
KOHA link:https://koha.lib.tpu.ru/cgi-bin/koha/opac-detail.pl?biblionumber=617285

MARC

LEADER 00000naa2a2200000 4500
001 617285
005 20231101132942.0
035 |a (RuTPU)RU\TPU\conf\15598 
035 |a RU\TPU\conf\15591 
090 |a 617285 
100 |a 20160228d2011 k y0rusy50 ca 
101 0 |a rus 
102 |a RU 
105 |a y z 100zy 
135 |a drgn ---uucaa 
181 0 |a i  
182 0 |a b 
200 1 |a О синкретизме идиом, вербализующих неточные меры расстояния (на материале русского, немецкого и английского языков)  |f Н. В. Попова  |g науч. рук. Н. С. Жукова 
203 |a Текст  |c электронный 
215 |a 1 файл (121 Кб) 
225 1 |a Теория и практика перевода. Общие и частные вопросы перевода 
230 |a Электронные текстовые данные (1 файл : 121 Кб) 
300 |a Заглавие с титульного листа. 
300 |a Электронная версия печатной публикации. 
320 |a [Библиогр.: с. 187 (10 назв.)] 
337 |a Adobe Reader 
461 1 |0 (RuTPU)RU\TPU\conf\8793  |t Коммуникативные аспекты языка и культуры  |o сборник материалов XI Международной научно-практической конференции студентов и молодых ученых, г. Томск, 18-20 мая 2011 г.  |o в 3 ч.  |f Национальный исследовательский Томский политехнический университет (ТПУ) ; под ред. С. А. Песоцкой  |d 2011 
463 1 |0 (RuTPU)RU\TPU\conf\8794  |t Ч. 1  |v [С. 183-187]  |d 2011 
610 1 |a электронный ресурс 
610 1 |a труды учёных ТПУ 
610 1 |a синкретизм 
610 1 |a идиомы 
610 1 |a расстояние 
610 1 |a русский язык 
610 1 |a английский язык 
610 1 |a немецкий язык 
700 1 |a Попова  |b Н. В. 
702 1 |a Жукова  |b Н. С.  |c лингвист  |c доцент Томского политехнического университета, кандидат филологических наук  |f 1954-  |g Нина Степановна  |2 stltpush  |4 727 
801 1 |a RU  |b 63413507  |c 20150310 
801 2 |a RU  |b 63413507  |c 20160302  |g RCR 
856 4 |u http://www.lib.tpu.ru/fulltext/c/2011/C77/V1/045.pdf 
942 |c BK